| 000 | 00000nam##2200000za#4500 |
| 001 | 9.644205 |
| 003 | CaOODSP |
| 005 | 20210624224533 |
| 007 | cr ||||||||||| |
| 008 | 150407|2015||||xxc|||||o f|0| 0 fre|d |
| 020 | |a978-0-660-23247-8 |
| 040 | |aCaOODSP|bfre |
| 043 | |an-cn--- |
| 086 | 1 |aCH7-22/2015F-PDF |
| 110 | 1 |aCanada. |bPatrimoine canadien. |
| 245 | 10|aÉvaluation du Réseau canadien d'information sur le patrimoine de 2008-2009 à 2012-2013 / |h[ressource électronique]|c[préparé par la] Direction des services d'évaluation. |
| 260 | |aOttawa - Ontario : |bPatrimoine canadien |cLe 23 décembre 2014. |
| 300 | |a80p.|bfigures, graphiques, tableaux |
| 504 | |aBibliographie. |
| 590 | |a15-12|b2015-03-20 |
| 775 | 08|tEvaluation of the Canadian Heritage Information Network 2008-09 to 2012-13 / |w(CaOODSP)9.700309 |
| 776 | 0#|tÉvaluation du Réseau canadien d'information sur le patrimoine de 2008-2009 à 2012-2013 / |w(CaOODSP)9.678187 |
| 856 | 40|ahttp://publications.gc.ca|qPDF|s1074 Ko|uhttps://publications.gc.ca/collections/collection_2015/pc-ch/CH7-22-2015-fra.pdf |